00523pam a2200169 a 4500001000800000005001700008008004100025020001600066040001800082082001400100245009400114250000900208260007000217300001800287650002200305700002600327496282420240611025109.0970528s1998 nyu b 001 0 eng  a0333653890, aDLCcDLCdDLC00a305.822100aEthnic diversity and public policy :ba comparative inquiry /cedited by Crawford Young. a1st. aNew York :bSt. Martin's Press in association with UNRISD,c1998. axii, 240 p. ; 0aMulticulturalism.1 aYoung, Crawford,eedt